LEADER 01383nam a2200313 a 4500 001 000000123955 003 CaOOAMICUS 005 20101215122004.0 008 101215t2010 it u000 u ita r 020 $a978-88-08-06557-5 040 $aPUL$bita 082 04$a346.45092 100 1 $aLuoni, Sergio.$0(OLS)http://pul/name/78180 245 10$aObbligazioni strumenti finanziari titoli di debito nelle società di capitali /$cSergio Luoni. 260 $aBologna :$bZanichelli,$c©2010. 300 $aXI, 478 p. ;$c25 cm. 490 1 $aStrumenti del diritto ;$v20 504 $aBibliografia : p. [457]-476. 650 4$aObbligazioni (diritto).$0(OLS)http://pul/subject/17087 650 4$aSocietà di capitali$xDiritto$zItalia.$0(OLS)http://pul/subject/35290 830 0$aStrumenti del diritto ;$v20.$0(OLS)http://pul/title/136502 850 $aPUL 852 $aPUL$W1$xSL Diritto e Scienze Sociali 3$y79$m346. 45092 LUOSE 1$j142825$qDDC 21$B141769$CPULBib$Z2$F141769 $H115258 $82 941 1 $a9 996 $6020$a978-88-08-06557-5$9(OLS)http://pul/number/146118 996 $6082$a346.45092$9(OLS)http://pul/classification/1799 996 $6245$aObbligazioni strumenti finanziari titoli di debito nelle società di capitali$9(OLS)http://pul/title/156271 996 $6260$aBologna :$bZanichelli$9(OLS)http://pul/publisher/48255 LEADER 01381nam a2200301 a 4500 001 000000139486 003 CaOOAMICUS 005 20140725124343.0 008 140725s2010 it u000 u ita r 020 $a88-14-15470-8 040 $aPUL$bita 082 04$a340.09 100 1 $aSabbioneti, Marco.$0(OLS)http://pul/name/89927 245 10$aDemocrazia sociale e diritto privato :$bla Terza Repubblica di Raymond Saleilles (1855-1912) /$cMarco Sabbioneti. 260 $aMilano :$bA. Giuffrè,$c2010. 300 $aXXXVII, 682 p. ;$c23 cm 490 1 $aPer la storia del pensiero giuridico moderno. Biblioteca ;$v91 504 $aBibliografia in nota. 600 14$aSaleilles, Raymond,$d1855-1912.$0(OLS)http://pul/subject/40694 830 0$aPer la storia del pensiero giuridico moderno ;$v91.$0(OLS)http://pul/title/10657 850 $aPUL 852 $aPUL$W1$xSL Diritto e Scienze Sociali 3$y79$m340. 09 COLL 1.91$j161124$qDDC 21$B160569$CPULBib$Z2$F160569 $H124550 $82 941 1 $a9 996 $6020$a88-14-15470-8 $9(OLS)http://pul/number/155885 996 $6082$a340.09$9(OLS)http://pul/classification/1829 996 $6245$aDemocrazia sociale e diritto privato :$bla Terza Repubblica di Raymond Saleilles (1855-1912)$9(OLS)http://pul/title/176585 996 $6260$aMilano :$bA. Giuffrè$9(OLS)http://pul/publisher/48096